| 000 | 00410nam a2200157Ia 4500 | ||
|---|---|---|---|
| 008 | 210716s2011 xx 000 0 und d | ||
| 020 | _a9788131719510 | ||
| 041 | _aeng | ||
| 082 | _a658.848 KEEW | ||
| 100 | _aKeegan, Warren J;Green, Mark C. | ||
| 245 | _aGlobal marketing. | ||
| 250 | _a2 | ||
| 260 |
_aNew Delhi _bPearson Education _c2011 |
||
| 300 | _axxii,114/2000 | ||
| 650 | _aInternational Marketing | ||
| 999 |
_c202969 _d202969 |
||